| 000 | 00795cam a2200241 4500 | ||
|---|---|---|---|
| 001 | ABS61353 | ||
| 008 | 000000n1999 000 0 eng u | ||
| 035 | _a(Sirsi) u100368 | ||
| 100 | _aPieroni, C | ||
| 245 | _aForecasting geographical variations in high street retail rents | ||
| 260 | _c1999 | ||
| 490 |
_aProperty Forecast _v2(10) October 1999, 6-7(2) |
||
| 520 | _aExamines the variations which exist in the geographical pattern of retail rents across the UK, and develops a model to forecast changes in retail rents. Tables. Graph. | ||
| 590 | _aABS | ||
| 650 | _aRETAIL RENTS | ||
| 650 | _aGROWTH | ||
| 650 | _aUNITED KINGDOM | ||
| 650 | _aVARIATIONS | ||
| 690 | _aPROPERTY-COMMERCIAL PROPERTY-RETAIL PROPERTY | ||
| 700 | _aRhodes, J | ||
| 700 | _aTyler, P | ||
| 942 | _n0 | ||
| 999 |
_c60061 _d60061 |
||